000 00383pab a2200169 454500
008 180718b2012 xxu||||| |||| 00| 0 eng d
100 _aNayar, Kuldip
245 _aWar crimes tribunal judgement
260 _c2012
300 _ap.7-8.
362 _a9 Jun
650 _aWar crimes - Bangladesh
650 _aWar crimes
773 _aMainstream
908 _aN
909 _a96610
999 _c96610
_d96610